Spanish-Speaking Countries - Statistics

General Stats
  • This quiz has been taken 43 times
  • The average score is 14 of 24
Answer Stats
Native Speakers % Answer % Correct
122 million 97% México
97%
49 million 99% Colombia
83%
42 million 98% Argentina
81%
43 million 92% Spain
81%
28 million 87% Perú
75%
31 million 97% Venezuela
75%
41 milllion* 12% United States
72%
18 million 96% Chile
69%
15 million 96% Ecuador
61%
3 million 98% Uruguay
61%
10 million 83% Bolivia
58%
11 million 99% Cuba
58%
13 million 78% Guatemala
56%
9 million 99% Honduras
50%
4 million 92% Panamá
50%
5 million 62% Paraguay
50%
6 million 99% El Salvador
47%
1 million 74% Equatorial Guinea
47%
3 million (US territory) 99% Puerto Rico
47%
5 million 99% Costa Rica
44%
10 million 98% Dominican Republic
44%
6 million 97% Nicaragua
44%
30,000* 41% Andorra
39%
165,000* 40% Belize
28%
No matching quizzes found
Score Distribution
Percent of People with Each Score
Percentile by Number Answered
Your Score History
You have not taken this quiz